Online katalóg knižníc regiónu Turca

Všetko, čo potrebuješ vedieť (Record no. 21954)

MARC details
000 -LEADER
fixed length control field 01878cam a2200505 a 4500
001 - CONTROL NUMBER
control field 21954
003 - CONTROL NUMBER IDENTIFIER
control field VRT
005 - DATE AND TIME OF LATEST TRANSACTION
control field 20260316113948.0
008 - FIXED-LENGTH DATA ELEMENTS--GENERAL INFORMATION
fixed length control field 240313s2015 xo a b 000 0 slo
015 ## - NATIONAL BIBLIOGRAPHY NUMBER
National bibliography number SNBA2015/09
020 ## - INTERNATIONAL STANDARD BOOK NUMBER
International Standard Book Number 9788081078590
Qualifying information (viaz.)
039 #9 - LEVEL OF BIBLIOGRAPHIC CONTROL AND CODING DETAIL [OBSOLETE]
Level of rules in bibliographic description 202403131538
Level of effort used to assign nonsubject heading access points VLOAD
Level of effort used to assign subject headings 202201201858
Level of effort used to assign classification AUTHORITY
Level of effort used to assign subject headings 201911210806
Level of effort used to assign classification AUTHORITY
Level of effort used to assign subject headings 201604300312
Level of effort used to assign classification VLOAD
040 ## - CATALOGING SOURCE
Original cataloging agency PPPK
Language of cataloging slo
Transcribing agency PPPK
Modifying agency SNK
Description conventions AACR2
041 1# - LANGUAGE CODE
Language code of text/sound track or separate title slo
Language code of original eng
044 ## - COUNTRY OF PUBLISHING/PRODUCING ENTITY CODE
MARC country code xo
ISO country code SK
072 #7 - SUBJECT CATEGORY CODE
Subject category code 00
Subject category code subdivision Veda. Všeobecnosti. Základy vedy a kultúry. Vedecká práca
Source konspekt
072 #7 - SUBJECT CATEGORY CODE
Subject category code 0/9-053.2
Subject category code subdivision Literatúra pre deti a mládež (náučná)
Source konspekt
080 ## - UNIVERSAL DECIMAL CLASSIFICATION NUMBER
Universal Decimal Classification number 0/9
Edition identifier 2001
080 ## - UNIVERSAL DECIMAL CLASSIFICATION NUMBER
Universal Decimal Classification number (0.053.2)
Edition identifier 2001
100 1# - MAIN ENTRY--PERSONAL NAME
Personal name Maclaine, James
Relationship aut
240 10 - UNIFORM TITLE
Uniform title General Knowledge
Language of a work Slovensky
245 10 - TITLE STATEMENT
Title Všetko, čo potrebuješ vedieť
Remainder of title viac ako 135 okienok a stovky zaujímavosti
Statement of responsibility, etc. [text: James Maclaine, Alex Frith ; ilustrácie: Marco Palmieri ; z anglického vydania preložila Jitka Madarásová]
250 ## - EDITION STATEMENT
Edition statement 1. slov. vyd.
260 ## - PUBLICATION, DISTRIBUTION, ETC.
Place of publication, distribution, etc. Bratislava
Name of publisher, distributor, etc. Svojtka & Co.
Date of publication, distribution, etc. 2015
300 ## - PHYSICAL DESCRIPTION
Extent 15 s.
Other physical details fareb. ilustr.
Dimensions 28 cm
490 1# - SERIES STATEMENT
Series statement Odokry okienko
500 ## - GENERAL NOTE
General note Kartónové listy s odklápacími okienkami
500 ## - GENERAL NOTE
General note Náz. z obalu
521 1# - TARGET AUDIENCE NOTE
Target audience note Pre deti od 3 rokov
650 07 - SUBJECT ADDED ENTRY--TOPICAL TERM
Topical term or geographic name entry element všeobecnosti a zaujímavosti
Source of heading or term SNKPH
650 07 - SUBJECT ADDED ENTRY--TOPICAL TERM
Topical term or geographic name entry element Facts and features
Source of heading or term SNKPHeng
655 #7 - INDEX TERM--GENRE/FORM
Genre/form data or focus term publikácie pre deti
Source of term SNKPH
655 #7 - INDEX TERM--GENRE/FORM
Genre/form data or focus term Children's literature
Source of term SNKPHeng
700 1# - ADDED ENTRY--PERSONAL NAME
Personal name Frith, Alex
Relationship aut
700 1# - ADDED ENTRY--PERSONAL NAME
Personal name Palmieri, Marco
Relationship ill
700 1# - ADDED ENTRY--PERSONAL NAME
Personal name Madarásová, Jitka
Relationship trl
830 #0 - SERIES ADDED ENTRY--UNIFORM TITLE
Uniform title Odokry okienko
910 ## - USER-OPTION DATA (OCLC)
User-option data pppk
910 ## - USER-OPTION DATA (OCLC)
User-option data pokpoh
910 ## - USER-OPTION DATA (OCLC)
User-option data snk
942 ## - ADDED ENTRY ELEMENTS (KOHA)
Source of classification or shelving scheme Dewey Decimal Classification
Koha item type Odborná literatúra pre deti
Suppress in OPAC No
949 ## - LOCAL PROCESSING INFORMATION (OCLC)
6 17A1171246
a snkSB 88866
b snk2015/26224
o 1878/2015
s 6100:20140924
949 ## - LOCAL PROCESSING INFORMATION (OCLC)
6 17A1171247
a snkSB 88866 D1
b snk2015/26226
o 1878/2015
949 ## - LOCAL PROCESSING INFORMATION (OCLC)
6 2889305945
a savukPV 21336
b savuk2015/3684
Holdings
Stav vyradenia Strata Poškodenie Spôsob nadobudnutia Domovská knižnica Aktuálna knižnica Dátum nadobudnutia Total checkouts Čiarový kód exemplára Date last seen Typ exemplára
      Dar Obecná knižnica Turčianska Štiavnička Obecná knižnica Turčianska Štiavnička 16.03.2026   4738000398 16.03.2026 Odborná literatúra pre deti
Projekt je podporený Slovenskou asociáciou knižníc
Prevádzkuje Turčianska knižnica Martin 2026